Migración y desarrollo: oportunidades y desarrollo /

Uloženo v:
Podrobná bibliografie
Hlavní autor: Valle Alvarez, Dulce María
Médium: Text
Témata:
Tagy: Přidat tag
Žádné tagy, Buďte první, kdo vytvoří štítek k tomuto záznamu!

MARC

LEADER 00000 a a2200000 04500
001 13151
003
040
100 |a Valle Alvarez, Dulce María  
245 |a Migración y desarrollo:   |b oportunidades y desarrollo /  |c Dulce María Valle Alvarez 
650 |a MIGRACION  
650 |a DESARROLLO ECONOMICO  
650 |a ASPECTOS ECONOMICOS  
773 |g volumen 9, número 3; páginas 20-22  
999 |c 27716  |d 27716